LEADER 01014nam a2200277 i 4500 001 991002420509707536 005 20020508195926.0 008 931005s1986 it ||| | ita 035 $ab11006675-39ule_inst 035 $aPARLA162263$9ExL 040 $aDip.to Filosofia$bita 100 1 $aCorbin, Henry$0159930 245 10$aCorpo spirituale e terra celeste :$bdall'Iran mazdeo all'Iran sciita /$cHenry Corbin ; traduzione di Gabriella Bemporad 260 $aMilano :$bAdelphi,$cc1986 300 $a335 p. ;$c23 cm. 440 3$aIl ramo d'oro 650 4$aFilosofia orientale 650 4$aIslamismo 700 1 $aBemporad, Gabriella 740 0 $aCorps spirituel et Terre celeste 907 $a.b11006675$b21-09-06$c28-06-02 912 $a991002420509707536 945 $aLE005 MF 26 M 14$g1$i2005000201189$lle005$o-$pE0.00$q-$rl$s- $t0$u1$v2$w1$x0$y.i11123722$z28-06-02 996 $aCorpo spirituale e terra celeste$9861682 997 $aUNISALENTO 998 $ale005$b01-01-93$cm$da $e-$fita$git $h0$i1 LEADER 01161nam0-2200325 --450 001 9911061129703321 005 20260305113815.0 010 $a978-88-552-5309-3 100 $a20260209d2025----kmuy0itay5050 ba 101 0 $aita 102 $aIT 105 $aa a 001yy 200 1 $a<>conoscenza per il governo del territorio$eil patrimonio digitale della cartografia e dell'aerofotografia storica della regione Campania$fRegione Campania, CIRICE$ga cura di Alfredo Buccaro e Bruno Discepolo 210 $aScafati$cD'Amato editore$d2025 215 $a574 p.$cill.$d30 cm 610 0 $aCartografia 676 $a912.457$v23$zita 702 1$aDiscepolo,$bBruno 702 1$aBuccaro,$bAlfredo 710 02$aCampania$c$0270004 711 02$aCIRICE$bCentro Interdipartimentale di Ricerca sull'Iconografia della Cittą Europea$01892292 801 0$aIT$bUNINA$gREICAT$2UNIMARC 901 $aBK 912 $a9911061129703321 952 $aCART C 14$b144/2026$fFARBC 952 $a03.2205$b7/26$fDARST 959 $aFARBC 959 $aDARST 996 $aConoscenza per il governo del territorio$94537715 997 $aUNINA